Statistics for Michigan Public Universities

Click here to take the quiz!

General Stats

  • This quiz has been taken 277 times
  • The average score is 10 of 15

Answer Stats

HintAnswer% Correct
Michigan State
99%
Western Michigan
98%
University of Michigan
95%
Eastern Michigan
93%
Central Michigan
91%
Northern Michigan
83%
Wayne State
76%
Michigan Tech
75%
Grand Valley State
73%
Ferris State
64%
Oakland
56%
Saginaw Valley
55%
Lake Superior State
54%
Michigan Dearborn
13%
Michigan Flint
13%

Score Distribution

Percentile by Number Answered

Percent of People with Each Score

Your Score History

You have not taken this quiz